000 00790nam a2200229 i 4500
001 35421
003 ES-MaACL
005 20250807075153.0
007 t|
008 030213s1977 sp ||||1| spa d
100 1 _aBorja, Jordi.
_930496
245 1 0 _aPor una política municipal democrática /
_cJordi Borja, Ricard Boix, Marçal Tarragó ; prólogo de Ramón Tamames.
260 _a[Barcelona] :
_bAvance,
_c[1977]
300 _a277 p. ;
_c20 cm.
500 _aPrecede al tít.: Centre d'Estudis d'Urbanisme.
700 1 _aBoix, Ricard.
_929898
700 1 _aTarragó, Marçal.
_9109324
700 1 _aTamames, Ramón,
_d1933-
_9237391
710 2 _aCentre d'Estudis d'Urbanisme (Barcelona)
_92541
852 _aES-MaACL
_jA-7184
_bR.96219
999 _c35421
_d35421